| 000 | 01782cam a22003611i 4500 | ||
|---|---|---|---|
| 003 | SA-RiAUC | ||
| 005 | 20241114080656.0 | ||
| 008 | 241113s2006 su g b f001 0 ara c | ||
| 020 | _a9960025675 | ||
| 040 |
_aKW-ShULA _bara _cSA-RiAUC _erda |
||
| 082 | 0 | 4 |
_a227.3 _qSA-RiAUC |
| 090 |
_a227.3 _bأ س م |
||
| 100 | 1 |
_aالأسمري، شايع بن عبده _eمؤلف. |
|
| 245 | 1 | 0 |
_aاستدراكات ابن عطية في المحرر الوجيز على الطبري في جامع البيان : _bعرضا ودراسة / _cشايع بن عبده الأسمري. |
| 250 | _aالطبعة الأولى. | ||
| 264 | 1 |
_aالمدينة المنورة : _bالجامعة الإسلامية، عمادة البحث العلمي، _c2006 |
|
| 300 |
_a2 مجلد (1278 صفحة ) ؛ _c25 سم. |
||
| 336 |
_aنص _btxt _2rdacontent _3كتاب |
||
| 337 |
_aبدون وسيط _bn _2rdamedia |
||
| 338 |
_aمجلد _bnc _2rdacarrier |
||
| 490 | 0 |
_aإصدارات الجامعة الإسلامية بالمدينة المنورة ؛ _v89 |
|
| 500 | _aيشتمل على كشافات. | ||
| 504 | _aببليوجرافية : صفحة 1223-1253. | ||
| 630 | 2 | 7 |
_aالقرآن _xتفاسير مأثورة _2aucut |
| 700 | 1 | 2 |
_aابن عطية، عبد الحق بن غالب بن عبد الرحمن، _d481-542 هجري |
| 700 | 1 | 2 |
_aابن جرير الطبري، محمد بن جرير بن يزيد، _d224-310 هجري |
| 730 | 2 | 2 | _aالقرآن |
| 740 | 2 | 2 | _aالمحرر الوجيز في تفسير الكتاب العزيز. |
| 740 | 0 | 2 | _aتفسير الطبري، المسمى، جامع البيان في تفسير القرآن. |
| 740 | 0 | 2 | _aجامع البيان في تفسير القرآن. |
| 942 |
_2ddc _cBOOK _n0 |
||
| 949 |
_aSA-JeALM _d241113 _umohamedma123 _n1 |
||
| 999 |
_c2366 _d2366 |
||